[Event "Karpov-Piket Match"]
[Site "Monte Carlo"]
[Date "1999.02.25"]
[Round "4"]
[White "Karpov, Anatoly"]
[Black "Piket, Jeroen"]
[Result "1/2-1/2"]
[WhiteElo "2710"]
[BlackElo "2615"]
[Annotator "Piket,L"]
[PlyCount "86"]
[EventDate "1999.02.21"]
[EventType "match"]
[EventRounds "8"]
[EventCountry "MNC"]
[SourceTitle "CBM 070"]
[Source "ChessBase"]
[SourceDate "1999.06.08"]
[SourceVersion "1"]
[SourceVersionDate "1999.06.08"]
[SourceQuality "1"]

1. d4 {Ribli} Nf6 2. c4 e6 3. Nf3 d5 4. g3 dxc4 5. Bg2 Bb4+ {Ribli: 'Das ist
eine seltene Nebenvariante. Ohne ...dxc4 wird der Zug ...Bb4 gerne gespielt.
Ribli.'} 6. Bd2 a5 7. O-O {Ribli: 'Dieser Zug ist nicht schlecht, aber meines
Erachtens ist die Alternative 7.Qc2 chancenreicher.'} (7. Qc2 {Ribli} b5 (7...
O-O 8. Qxc4 Nc6 9. O-O Qd5 10. Qxd5 exd5 11. Bf4 Bg4 12. e3 (12. a3 {Ribli} Bd6
13. Bxd6 cxd6 14. Nc3 Bxf3 15. Bxf3 Nxd4 16. Bg2 Nb3 17. Rad1 {1-0 Van der
Sterren,P-Garcia Ilundain,D/Linares 1995/CBM 51 (35)}) 12... Rac8 13. a3 Be7
14. Nc3 Nd8 15. h3 Bxf3 16. Bxf3 c6 {1/2-1/2 Askgaard,J-Hansen,L/Copenhagen
1997/EXT 99 (66)}) (7... b6 8. Ne5 Ra7 9. Bxb4 axb4 10. Qxc4 Qd6 11. Nd3 (11.
Qb5+ Nfd7 12. Nd3 c5 13. dxc5 bxc5 14. Nd2 Ba6 15. Qa4 O-O 16. O-O Rc7 17. Rfd1
Qb6 {0-1 Scheeren,P-Olafsson,F/Wijk aan Zee 1983/MCD (22)}) 11... Ba6 12. Qxb4
Bxd3 13. Qxd6 cxd6 14. exd3 d5 15. Na3 {1/2-1/2 Kosic,D-Vukovic,Z/JUG-ch 1990/
CBM 17 (15)}) (7... Nc6 8. Qxc4 Qd5 9. Qd3 {Dieser Stellung ist aus der
Bogoindischen Verteidigung bekannt nach 1.d4 Nf6 2.c4 e6 3.Nf3 Bb4 4.Bd2 a5 5.
g3 d5 6.Bg2 Nc6 7.Qc2 dxc4 8.Qxc4 Qd5 9.Qd3.} (9. Qxd5)) 8. a4 Bxd2+ 9. Nfxd2
Nd5 10. axb5 $14 {1-0 Zhu Chen-Hort,V/Bad Homburg 1998/CBM 66/[Ribli] (39)}) (
7. Na3 {Ribli} Bxa3 8. bxa3 O-O 9. Qc2 b5 10. Ne5 Nd5 11. Rb1 c6 12. O-O $44)
7... O-O (7... Nc6 $5) (7... b5 {Ribli} 8. a4 Bxd2 9. Nfxd2 Ra7 10. axb5 Qxd4
11. Na3 Bb7 12. Bxb7 Rxb7 13. Ndxc4 {1-0 Genov,P-Kuzev,J/BUL-ch 1995/EXT 97 
(29)}) 8. Qc2 b5 $6 {Ribli: 'Schwarz verteidigt seinen Mehrbauern, aber früher
oder später muß er ihn aufgeben. Während Weiß aber das Material zurückgewinnt,
kann Schwarz seine Entwicklung in Ruhe beenden.'} 9. a4 bxa4 (9... c6 $2 10.
axb5 Bxd2 11. Nfxd2 (11. Nfxd2 {Ribli} Qxd4 12. Nxc4 Qc5 13. Nba3 Ra7 14. Nxa5
Qxc2 15. Nxc2 cxb5 16. Nd4 {1-0 Oll,L-Nei,I/Espoo 1989/EXT 97 (40)})) 10. Rxa4
{'N' Ribli. Ribli: 'Weiß gewinnt den zweiten Bauern sofort zurück, aber meines
Erachtens wäre es besser, mit 10.Nc3 fortsetzen und Schwarz kann kaum sein
materielles Übergewicht halten. Nach dem Textzug steht der Turm unglücklich
auf a4.'} (10. Nc3 {Ribli} Bb7 11. Nxa4 Bxd2 12. Qxd2 Nbd7 13. Rfc1 Nb6 14. Nc5
Ne4 15. Qe1 Nxc5 16. dxc5 Nd5 17. Ne5 c3 18. bxc3 f6 19. Rcb1 Ra7 20. c6 Ba8
21. Nd7 Re8 22. c4 Bxc6 23. Nb8 Bb7 24. Rxb7 Rxb7 25. Nc6 Qd6 26. cxd5 {
1-0 Gulko,B-Makarichev,S/USSR 1974/Inf 17 (51)}) 10... Bb7 11. Bxb4 (11. Qxc4
Bd5 (11... Bxd2 {Ribli} 12. Nfxd2 (12. Nbxd2 $6 Ba6 {[%csl Rc4,Re2]}) 12...
Bxg2 13. Kxg2 Nbd7 $11)) 11... axb4 12. Rxa8 (12. Rxb4 {Ribli} Be4 (12... Bd5)
13. Qd2 Bd5 14. Nc3 Nc6 $15) 12... Bxa8 13. Nbd2 $1 (13. Qxc4 Bd5 (13... Qd6
$11) 14. Qxb4 Nc6 15. Qc5 (15. Qc3 {Ribli} Bxf3 16. Qxf3 (16. Bxf3 Nxd4 $11)
16... Nxd4 $11) 15... Bxf3 16. Bxf3 Nxd4) 13... c5 $6 {'!' Ribli. Ribli:
'Unter zeitweiligem Bauernopfer befreit sich Schwarz von seiner potentiellen
Schwäche in der c-Linie.'} (13... c3 14. bxc3 bxc3 15. Qxc3 Ne4 16. Nxe4 Bxe4
17. Rc1 (17. Ne5 $5 Bxg2 18. Kxg2 Qd5+ 19. Kg1 $14) 17... Nc6 18. e3 Qa8 (18...
Qd5 19. Ne1) 19. Ne1 Bxg2 20. Nxg2 Ne7 $14) 14. dxc5 Qa5 15. Qxc4 (15. Nxc4 {
Ribli} Qxc5 $11) 15... Bd5 16. Qd4 (16. Qc2 $142 Rc8 $140 (16... b3 $5) 17. e4
(17. Rc1 {Ribli} Nbd7 $11) 17... Rxc5 (17... Bb7) 18. Qd3) 16... Rd8 {'!'
Ribli.} 17. Nc4 Bxc4 $8 (17... Qa2 18. Nfe5 $18) 18. Qxc4 Rc8 19. Nd4 $6 (19.
Rd1 $1 Nfd7 (19... h6) (19... Rxc5 20. Qxb4 $1)) (19. Rc1 {Ribli} Nfd7 20. Qf4
Rxc5 21. Rxc5 Qxc5 $11) 19... Rxc5 {'=' Ribli. Ribli: 'Schwarz hat den Bauern
zurückgewonnen und besitzt daher gleiche Chancen. Theoretisch ist der weiße
g2-Läufer stark und kontrolliert die lange Diagonale, aber in unserer Stellung
hat das keine Bedeutung.'} 20. Qd3 (20. Nb3 $2 {Ribli} Rxc4 21. Nxa5 Rc2 $17 {
[%cal Rc2e2,Rc2b2]}) 20... Rc8 (20... Qc7 $11 {Ribli}) 21. Rd1 h6 {Ribli:
'Schwarz vermeidet Grundreihenmotive.'} (21... Rd8 $1 22. Qc2 g6 23. e3 e5 $11)
22. h3 Qa2 23. Qb3 (23. Qd2 {Ribli} Qc4 $11) 23... Qxb3 24. Nxb3 Nfd7 (24...
Nbd7 $11 {Ribli}) 25. f4 (25. Be4 $5) 25... Kf8 (25... Rc2 {Ribli} 26. Rd2 Rxd2
27. Nxd2 Kf8 28. Kf2 Ke7 $14 {[%csl Rb4] Weiß ist in leichtem Vorteil wegen
der Schwäche des b-Bauern.}) 26. Be4 Ke7 27. Rd4 (27. Ra1 $5) 27... f5 {
'!' Ribli.} 28. Bd3 {Ribli: 'Weiß muß wegen ...Rc2 die lange Diagonale
verlassen.'} Nc6 29. Rc4 Nb6 30. Rc1 Kd6 $11 {Ribli: 'Schwarz hat wegen des
aktiven Königs keine Probleme.'} 31. Kf2 g5 {Ribli: 'Schwarz möchte das
Material reduzieren.'} 32. e4 (32. fxg5 $142 hxg5 33. Bb5 (33. h4 {Ribli} gxh4
34. gxh4 Rh8 $15 {[%csl Rh4] Der weiße Freibauer auf h4 wirkt auf mich schwach.
}) 33... Ne5 34. Rxc8 Nxc8 35. h4 $132) 32... gxf4 33. gxf4 fxe4 34. Bxe4 Ne7 (
34... Nd5 $11 {Ribli}) 35. Rxc8 Nexc8 {Ribli: 'Es ist schwer vorstellbar, wie
man diese gleiche Stellung gewinnen kann.'} 36. Nd4 Na4 37. b3 Nc5 (37... Nc3
$11 {Ribli}) 38. Bc2 Ne7 (38... e5 $2 {Ribli} 39. Nf5+ {[%cal Rf5d6,Rf5h6]})
39. Kf3 e5 40. Ne2 (40. fxe5+ {Ribli} Kxe5 41. Ne2 $11) 40... exf4 41. Nxf4 (
41. Kxf4 {Ribli} Nd5+ 42. Kf3 Ke5 $11) 41... Ke5 42. Nd3+ Nxd3 43. Bxd3 Nc6
1/2-1/2

[Event "Bundesliga 0708"]
[Site "Germany"]
[Date "2007.11.25"]
[Round "4.3"]
[White "Postny, Evgeny"]
[Black "Berczes, David"]
[Result "1-0"]
[WhiteElo "2598"]
[BlackElo "2430"]
[Annotator "Postny,E"]
[PlyCount "172"]
[EventDate "2007.10.20"]
[EventType "team-tourn"]
[EventRounds "15"]
[EventCountry "GER"]
[SourceTitle "CBM 123"]
[Source "ChessBase"]
[SourceDate "2008.04.02"]
[SourceVersion "1"]
[SourceVersionDate "2008.04.02"]
[SourceQuality "1"]
[WhiteTeam "Katernberg"]
[BlackTeam "Zehlendorf"]
[WhiteTeamCountry "GER"]
[BlackTeamCountry "GER"]

1. d4 d5 2. c4 c6 3. Nf3 Nf6 4. Nc3 e6 5. g3 {My opponent surprised me with
his opening choice. Therefore, I decided to deviate from the common 5.Bg5 or 5.
e3, which I usually play here. The move in the text switches the game into a
Catalan-like setup.} dxc4 {The most principled continuation. White can't get
the pawn back but, has to play for an initative.} 6. Bg2 b5 7. a4 Qb6 {I was
rather surprised when I found almost no games in the database played with this
move. However, an automatically played 7...b4 seems to yield Black sufficient
counterplay.} (7... b4 8. Nb1 Nbd7 9. O-O Ba6 10. Bg5 Rc8 11. Qc2 (11. Nbd2 c3
12. bxc3 bxc3 13. Nb3 Bb4 14. Qc2 h6 15. Bc1 Qe7 16. Ne5 Nxe5 17. dxe5 Nd5 18.
Nd4 O-O 19. Qe4 c5 20. Nb5 Rfd8 $15 {1-0 Granda Zuniga,J (2610)-Piket,J (2580)/
Amsterdam 1996/CBM 055 (39)}) 11... Be7 12. Rd1 O-O 13. e4 h6 14. Bf4 c5 15. d5
exd5 16. exd5 Nh5 (16... Re8 $142 17. d6 $140 Bf8 18. Nbd2 c3 $1 19. bxc3 Nd5
$17) 17. Be3 Bd6 18. Nbd2 Ne5 19. Nxe5 Bxe5 20. Nxc4 Bxc4 21. Qxc4 Bxb2 22.
Rab1 Be5 23. Bh3 $16 {1-0 Yudasin,L (2575)-Moroz,A (2385)/Podolsk 1990/TD (49)}
) 8. O-O ({Black is fine after} 8. Ne5 Bb7 9. Be3 Nd5) 8... Bb7 9. e4 $146 {
The exchange on b5 followed by b2-b3 was a serious alternative. However,
during the game I tried not to open the long diagonal for the black
light-squared bishop.} (9. axb5 cxb5 10. b3 Bb4 11. Qc2 Bxc3 12. Qxc3 cxb3 13.
Qxb3 Nbd7 14. Rb1 $44 {1/2-1/2 Pellus Ruiz,J (2235)-Rueda Marquez,D (2085)/
Barcelona 2003/EXT 2004 (18)}) 9... b4 $5 {I was provoking this but, it is not
necessarily bad.} ({In case of} 9... Nbd7 {I intended to continue by} 10. a5
Qa6 11. e5 Nd5 12. Ng5 {with a good compensation for the pawn.}) 10. a5 {
A useful intermezzo, driving the queen to a less fortunate square.} Qa6 (10...
Qd8 11. Na4 $1 Qxa5 (11... Nxe4 12. Ne5 Nf6 13. Qe2 {with great compensation.})
12. Ne5 Qb5 13. Re1 Nbd7 14. Nxc4 Qxc4 15. Bf1 {[%csl Rc4] trapping the queen.}
) 11. e5 Nfd7 $6 {This move looks unnatural and passive.} (11... bxc3 12. exf6
cxb2 13. fxg7 Bxg7 (13... bxa1=Q $2 14. gxh8=Q $18 {This curious position with
four queens on the board is won for White because of the weakness of Black's
monarch.}) 14. Bxb2 Nd7 15. Ng5 $36 {[%csl Re8]}) (11... Nd5 {This is what I
was expecting.} 12. Ne4 Nd7 (12... Be7 13. Re1 $16 {[%csl Ra6,Rc4][%cal Gg2f1,
Gf1a6]}) 13. Re1 c5 14. Bf1 Rc8 15. Ned2 cxd4 16. Nxd4 {[%csl Ra6][%cal Gb2b3,
Gf1a6] Black's queen is vulnerable, though I am not sure that White is
actually better here.}) 12. Ne4 c5 {Black must play this, otherwise his
position will be totally cramped.} 13. Nfg5 {I spent a lot of time here. The
move in the text allows White to win an exchange by force. However, I wasn't
sure about the consequences.} (13. Re1 cxd4 (13... Nc6 $2 14. d5 $1 exd5 15.
Neg5 $16) 14. Nxd4 Nc5 $13 {I could not find any clear way for the advantage
here.}) 13... h6 (13... cxd4 $2 14. Qf3 Nxe5 15. Nd6+ Bxd6 16. Qxb7 $18) 14.
Qf3 $2 {Selling out the initiative nearly for nothing.} (14. Qh5 $1 g6 15. Qh4
$1 (15. Qf3 {This would lead to the same position as in the game but, with an
inclusion of the move g7-g6 which actually favours White as it weakens the
dark squares. However, 15.Qh4 is a way stronger.}) 15... Nc6 $1 (15... cxd4 16.
Nd6+ $1 Bxd6 17. exd6 {[%cal Gg5e6,Gh4e7]} Nc6 (17... Kf8 18. Nxe6+ $1 fxe6 19.
Qe7+ Kg8 20. Qxe6+ Kg7 {[%tqu "En","How can White complete his attack in
style?","","","c1e3","The most elegant solution.",12]} 21. Be3 $3 {The most
elegant solution.} dxe3 22. Qe7+ Kg8 23. fxe3 {[%csl Gf1] with inevitable mate.
}) 18. Re1 $1 $40 {[%cal Gg5e6]} ({Less clear is} 18. Nxe6 $6 fxe6 19. Bxc6 O-O
20. Bxd7 Qxd6 {[%csl Rg1][%cal Gd6d5]})) (15... Be7 16. Nd6+ $1 Bxd6 17. exd6
Bxg2 {[%tqu "En","Should White recapture on g2?","","","g5e6","",5]} 18. Nxe6
$1 {[%cal Gh4e7]} g5 19. Nc7+ Kf8 20. Bxg5 Qxd6 21. Bf4 Qc6 22. Rfe1 $18) 16.
Nd6+ Bxd6 17. exd6 O-O-O $1 (17... Nxd4 18. Nxe6 Ne2+ 19. Kh1 Bxg2+ 20. Kxg2
Qxd6 21. Qe4 $18 {[%csl Ra8,Re2]}) 18. Nxf7 Nxd4 {This would be Black's best
chance but, the position is in White's favour anyway.}) 14... hxg5 15. Nd6+
Bxd6 16. Qxb7 Qxb7 17. Bxb7 Be7 (17... Bc7 18. Rd1 cxd4 19. Rxd4 Nxe5 20. Bxa8
Na6 21. Bxg5 Nc5 22. Rdd1 O-O 23. Bg2 $14) 18. dxc5 Nxe5 (18... O-O 19. Bxa8
Nxc5 $44 {was a worthy alternative.} (19... Na6 $6 20. c6 $16)) 19. Bxa8 Bxc5 {
Black can't both keep the Pg5 and capture the Pc5, has to make a choice.} (
19... g4 20. Be3 Nbd7 21. f4 Nd3 22. Bc6 $14) 20. Bxg5 Nd3 {Black has certain
compensation for the exchange. The knight on d3 is powerful. White's
initiative was sold for a cheap price.} 21. Rad1 f6 22. Bc1 f5 (22... Nd7 23.
Be4 N7e5 $44) 23. Bg5 $6 (23. Bf3 Nd7 24. Be2 N7e5 25. h4 Bd4 26. Bg5 Bxb2 27.
f4 Nc6 28. Bxd3 cxd3 29. Rxd3 $14) (23. Rxd3 cxd3 24. Rd1 Nd7 25. Rxd3 Ne5 $11)
23... Kf7 24. b3 Nd7 25. Bf3 {I have to put my bishop on e2 in order to cover
the g4 square against possible knight moves.} (25. Bg2 $2 N7e5 26. bxc4 Nxf2
27. Rxf2 Ng4 {and Black wins.}) 25... N7e5 26. Be2 Nxf2 $1 {Sacrificing a
piece, but gaining a lot of pawns.} 27. Rxf2 Bxf2+ 28. Kxf2 Rxh2+ 29. Ke3 {
One engine suggests going with the king to the 1st rank, which I didn't even
consider...} cxb3 30. Rb1 $6 (30. Bf4 Kf6 31. Rb1 g5 32. Bxe5+ Kxe5 33. Rxb3
f4+ 34. gxf4+ gxf4+ 35. Kd2 Kd5 {and White has to play accurately to assure a
draw.}) (30. Rc1 b2 31. Rb1 Nc6 32. Rxb2 Kg6 {The bishop is actually trapped.}
33. Bh4 Kh6 34. Rd2 g5 35. Rd6 gxh4 36. Rxe6+ Kg7 37. Rxc6 hxg3 38. Bd3 g2 39.
Kf2 Rh3 40. Bxf5 Rf3+ 41. Kxg2 Rxf5 42. Rc7+ Rf7 43. Rc4 $11) 30... Kg6 31. Bf4
Nc6 32. Bc7 {I was rather more concerned about losing the a-pawn than taking
the risk of giving my opponent winning chances.} e5 33. Bd3 Kf6 34. a6 $2 {
As usual for mutual time-trouble the quality of moves drastically decreases.} (
34. Rxb3 Rg2 35. Kf3 Ra2 36. Ke3 Ra3 37. Bc4 Ke7 38. Rxa3 bxa3 39. Bd5 Kd7 40.
Bxc6+ Kxc7 41. Bd5 Kd6 42. Bf7 Kc5 $19) (34. Rc1 $1 {The rook had to be
activated. Still, even here Black is not worse after} Ne7 35. Rc5 e4 36. Be5+
Kg5 37. Be2 Rg2) 34... g5 (34... Rg2 $1 35. Kf3 Rc2 $1 {Both players missed
this idea.} 36. Ke3 Rc3 37. Kd2 Ke6 {White is in deep trouble.}) 35. Rxb3 f4+
$2 {Wrong push.} (35... g4 $1 {[%csl Rg3][%cal Gh2g2]}) 36. gxf4 exf4+ 37. Ke4
Rh1 38. Kd5 Ne7+ 39. Kc5 f3 $2 (39... Rc1+ 40. Bc4 Nf5 41. Kxb4 Ne3 42. Rc3
Rxc3 43. Kxc3 Nxc4 44. Kxc4 f3 45. Bg3 Ke6 {leads to a drawn endgame.}) 40. Bd8
$2 (40. Bg3 g4 41. Bf2 Rh2 42. Bd4+ Kf7 43. Kb5 Rh5+ 44. Bc5 f2 45. Rxb4 Rf5
46. Bf1 Nd5 (46... g3 47. Rg4 Nc8 48. Rxg3 Nd6+ 49. Kc6 Rxc5+ 50. Kxd6 Rc1 51.
Rf3+ $18) 47. Rxg4 Ne3 48. Rf4 Rxf4 49. Bxe3 Rf5+ 50. Kb4 $18) 40... f2 41. Rb2
f1=Q 42. Bxf1 Rxf1 43. Re2 {This was the point of 40.Bd8. Unfortunately, there
is a fault in my idea.} b3 44. Bxe7+ Kf7 $1 45. Bd6 Rf5+ $1 {A very annoying
check. It appears that White can't hold the Pa6.} 46. Kb4 Rf6 47. Kc5 Rf5+ 48.
Kc4 (48. Kc6 Ra5 $11) 48... Ra5 49. Re7+ Kg6 50. Rxa7 b2 51. Rb7 Rxa6 52. Be5
Kf5 53. Bxb2 g4 $6 {Black would do better to keep his pawn on g5 and simply
play with his rook. Moving the pawn forward makes White's task easier, as the
pawn will be blocked and captured.} 54. Kd3 g3 55. Ke2 Rg6 56. Kf1 g2+ 57. Kg1
Rg4 58. Rb3 Ke4 59. Bc1 {Sooner or later White will capture the Pg2 without
the exchange of rooks.} Rg6 60. Re3+ Kf5 61. Bd2 Rg4 62. Ra3 Rg8 63. Be1 Kf4
64. Bf2 Rg6 65. Kh2 Ke4 66. Bg3 Rg8 67. Kxg2 {From now on Black should count
on the fifty moves rule. However, my opponent had already less than 1 minute
remaining on the clock without any increment. In such conditions it is
impossible to hold this endgame since Black has to find numerous precise
defensive moves.} Rc8 68. Ra4+ Kf5 69. Bf2 Rc3 70. Kf1 Rb3 (70... Rc2 $142) 71.
Ke2 Ke6 72. Be3 Kf5 73. Kf3 Ke5 74. Ra5+ Ke6 75. Ke4 Rb1 76. Ra6+ Kd7 77. Kd5
Rd1+ 78. Bd4 Rd2 79. Ra7+ Kd8 {With the king on the back rank Black has to be
very careful.} 80. Kc5 Ke8 81. Rh7 Rd1 82. Be5 Rc1+ 83. Kd6 Kf8 84. Ke6 Rc6+
85. Bd6+ Kg8 86. Rh2 Rc1 $2 {Black resigned with only one second left on the
clock.} (86... Rc1 $2 87. Be5 Rc6+ 88. Ke7 Rh6 89. Rg2+ Kh7 90. Rg7+ Kh8 91.
Rf7+ $1 Kg8 92. Rf8+ Kh7 93. Kf7 $18) (86... Kg7) ({or} 86... Ra6 {were the
correct moves.}) 1-0

[Event "Bundesliga 1112"]
[Site "Germany"]
[Date "2011.11.20"]
[Round "5.5"]
[White "Postny, Evgeny"]
[Black "Malakhatko, Vadim"]
[Result "1-0"]
[WhiteElo "2622"]
[BlackElo "2543"]
[Annotator "Postny,E"]
[PlyCount "77"]
[EventDate "2011.10.14"]
[EventType "team-tourn"]
[EventRounds "15"]
[EventCountry "GER"]
[SourceTitle "CBM 146"]
[Source "ChessBase"]
[SourceDate "2012.01.18"]
[SourceVersion "1"]
[SourceVersionDate "2012.01.18"]
[SourceQuality "1"]
[WhiteTeam "Eppingen"]
[BlackTeam "Muelheim Nord"]
[WhiteTeamCountry "GER"]
[BlackTeamCountry "GER"]

1. c4 c6 2. Nf3 d5 3. d4 Nf6 4. Nc3 e6 5. g3 dxc4 {Now the position transposes
from the Meran System to a Catalan-like system.} 6. Bg2 c5 $2 {Black can't
spend tempi in the opening like this! Just compare to the theoretical line of
the Catalan: 1.d4 Nf6 2.c4 e6 3.g3 d5 4.Nf3 dxc4 5.Bg2 c5. In our game White
got an extra developing move Nc3. As the position is far from closed, White
can benefit a lot from this extra move.} ({The main theoretical lines are:} 
6... b5) (6... Nbd7) 7. Qa4+ (7. dxc5 $6 {is too soft.} Qxd1+ 8. Nxd1 Bxc5 {
1/2-1/2 Semcesen,D (2433)-Malakhatko,V (2549)/Wroclaw 2010/CBM 138 Extra}) 7...
Nbd7 (7... Nc6 8. Ne5 $16) (7... Bd7 $5 8. Qxc4 Nc6 9. dxc5 (9. O-O b5 $1 10.
Nxb5 $140 $4 Na5 11. Qd3 c4 $19) 9... Qa5 10. O-O Qxc5 11. Nd2 $14) 8. O-O a6 (
8... cxd4 9. Nxd4 Bc5 10. Qxc4 O-O 11. Rd1 $16) 9. Rd1 Rb8 $6 {Neglecting the
development. Obviously, my opponent was hoping for 10.Qxc4 b5, but this pawn
is not important anymore...} 10. Bf4 b5 11. Qc2 Rb6 12. d5 {Quickly breaking
through the centre. Black can't complete the development safely. It wouldn't
be too harsh to claim that White is already winning.} Bb7 (12... Be7 13. d6 Bf8
14. a4 b4 15. a5 Rb8 16. Ne4) 13. dxe6 fxe6 14. a4 Qc8 $1 {The only way not to
collapse immediatly.} (14... Be7 15. a5 Rc6 16. Ne5 $18) (14... Nd5 15. Ne5
Nxe5 16. Bxe5 $18) 15. axb5 axb5 16. Ra5 Ba6 (16... Bc6 17. Bh3 $18 {[%csl Re6]
}) 17. Ng5 Be7 18. Bh3 {I spent a lot of time on my last two moves trying to
find a forced win but couldn't.} Nf8 19. Rda1 (19. Nxb5 $1 Bxb5 (19... Rxb5 20.
Qa4 $18) 20. Rxb5 Rxb5 21. Qa4 Qb7 (21... Qc6 22. Bg2 Nd5 23. Nxe6 Nxe6 24.
Bxd5 Qb6 25. Bxe6 Qxe6 26. Qxb5+ $18) 22. Bg2 Nd5 23. Nxe6 Nxe6 24. Bxd5 Qb6
25. Bxe6 Qxe6 26. Qxb5+ $18 {I didn't calculate this properly and thought that
19.Nxb5 doesn't work.}) 19... h6 20. Nge4 Kf7 21. Nxf6 gxf6 22. Nd5 Rc6 23. Nc7
$2 {Too soft.} (23. Bg2 $1 {would finish the game quickly enough.} Bd8 (23...
Bb7 24. Nxe7 Kxe7 25. Rxb5 $18) 24. Nxf6 $1 Bxa5 25. Rxa5 $18) 23... Bb7 24.
Nxb5 Rb6 25. Na3 Qc6 26. f3 Ng6 27. Nxc4 $6 {Objectively not bad, but gives
Black some counterchances as well.} ({I saw the following simple continuation} 
27. Bd2 Ne5 28. Bc3 {but, for some reason I got tempted to open the g-file.})
27... Nxf4 28. gxf4 Rb4 29. Kf2 h5 $2 (29... Qd5 30. Rg1 f5 31. Ne5+ Ke8 32.
Rd1 Qb3 $16) 30. Rg1 Rh6 31. f5 Qc7 {I missed this move. Suddenly, I've got h2
and a5 hanging...} (31... e5 32. Rg6 {[%csl Rc6,Rh6][%cal Gc4e5]} Rxg6 33.
fxg6+ Kg7 34. Qf5 Rxc4 35. Qxh5 $18) 32. fxe6+ Kf8 33. Rg2 $1 {No panic. In
fact the rook on a5 is not hanging.} Qf4 (33... Rxc4 34. Qxc4 Qxa5 35. Qf4 Rh8
36. Qg3 $1 Ke8 37. Qg7 Rf8 38. Qg6+ Kd8 39. Qd3+ Kc7 40. Qd7+ Kb8 41. Qxe7 $18)
34. Ne3 Qd4 (34... Qh4+ 35. Rg3 Bd6 36. Nf5 Bxg3+ 37. hxg3 Qxh3 38. Qxc5+ Kg8
39. Qxb4 $18) 35. Qc3 (35. Ra1 $1 Rxb2 36. Rag1 Ke8 37. Rg8+ Bf8 38. Qc4 $18)
35... Rh7 $1 {This cold-blooded move doesn't save Black, of course, but it
confused me a bit.} 36. Qxd4 cxd4 37. Nf5 (37. Nc2 $1 Rxb2 38. Bf5 Rg7 39. Rxg7
Kxg7 40. Bd3 $18 {[%csl Rd4,Rh5]}) 37... Bd8 38. Ra1 Rxb2 $2 {Finally he
blunders, because I was already a bit worried.} ({After} 38... Bd5 {I would
still have to work it out.} 39. Nh4 $1 d3 (39... Bb6 40. Ke1 Rxb2 41. Ng6+ Ke8
42. Nf4 Bc6 43. Bf5 $18) 40. e4 Rxb2+ 41. Ke3 Bb6+ 42. Kxd3 Rb3+ 43. Kd2 Rb2+
44. Ke1 Rxg2 45. Nxg2 $18) 39. Rag1 {[%csl Rf8]} (39. Rag1 Rh8 40. Rg7 {
leads to a quick mate.}) 1-0